Subdivisions (Districts/Counties) of Austria-Hungary with a Map - Statistics

General Stats
  • This quiz has been taken 3,510 times
  • The average score is 63 of 432
Answers on the Map
Answers color-coded by a green-red scale on the quiz's map according to % correct below.
 
Answer Stats
Subdivisions % Correct
Vienna
86%
Prague
81%
Salzberg
75%
Salzburg
74%
Salzburg-Umgebung
74%
Zagreb
74%
Pozsony
70%
Sarajevo
69%
Brunn
64%
Brunn-Umgebung
64%
Krakau
62%
Krakau-Land
62%
Lemberg
62%
Lemberg-Land
62%
Graz
61%
Graz-Umgebung
61%
Innsbruck
61%
Innsbruck-Land
61%
Pest-Pilis-Solt-Kiskun
60%
Trieste
60%
Spalato
59%
Fiume
58%
Modruš-Rijeka
58%
Ragusa
58%
Linz
55%
Linz-Land
55%
Laibach
52%
Kolozs
47%
Trent
45%
Temes
44%
Zara
43%
Brüx
41%
Győr
40%
Klagenfurt
40%
Klagenfurt-Land
40%
Pilsen
39%
Banjaluka
38%
Sopron
38%
Marburg
37%
Mostar
36%
Bozen
35%
Nyitra
34%
Arad
32%
Brassó
32%
Bregenz
31%
Gorizia
31%
Olmütz
30%
Karlsbad
29%
Wiener Neustadt
29%
Wiener Neustadt-Land
29%
Vas
28%
Zala
28%
Jász-Nagykun-Szolnok
27%
Sankt Pölten
27%
Szeben
27%
Villach
27%
Veglia
26%
Veszprém
26%
Baranya
25%
Bereg
25%
Bischofteinitz
25%
Budweis
25%
Moson
25%
Nógrád
25%
Reichenberg
25%
Bács-Bodrog
24%
Bihar
24%
Cilli
24%
Esztergom
24%
Trencsén
24%
Alsó-Féhér
23%
Aussig
23%
Eger
23%
Maros-Torda
23%
Abaúj-Torna
22%
Békés
22%
Czernowitz
22%
Fejér
22%
Komárom
22%
Máramaros
22%
Varaždin
22%
Braunau
21%
Csongrád
21%
Hajdú
21%
Somogy
21%
Szatmár
21%
Troppau
21%
Troppau-Land
21%
Ung
21%
Wels
21%
Zemplén
21%
Borsod
20%
Braunau am Inn
20%
Dolnja Tuzla
20%
Feldkirch
20%
Lienz
20%
Syrmia
20%
Szabolcs
20%
Szolnok-Doboka
20%
Tolna
20%
Brixen
19%
Cattaro
19%
Csanád
19%
Heves
19%
Hunyad
19%
Neuhaus
19%
Stanislau
19%
Steyr
19%
Steyr-Land
19%
Teschen
19%
Asch
18%
Beszterce-Naszód
18%
Bihać
18%
Lika-Krbava
17%
Amstetten
16%
Árva
16%
Bjelovar-Križevci
16%
Csík
16%
Deutsch-Brod
16%
Hont
16%
Krassó-Szörény
16%
Meran
16%
Pardubitz
16%
Sebenico
16%
Szepes
16%
Ungarisch-Brod
16%
Zell am Zee
16%
Baden
15%
Bludenz
15%
Böhmisch-Brod
15%
Borgo
15%
Gradisca
15%
Judenburg
15%
Knin
15%
Königgratz
15%
Krainburg
15%
Krems an der Donau
15%
Krumau
15%
Kufstein
15%
Leoben
15%
Liptó
15%
Przemyśl
15%
Wolfsberg
15%
Bielitz
14%
Bielitz-Land
14%
Bruck an der Mur
14%
Fogaras
14%
Gömór-Kishont
14%
Iglau
14%
Kitzbühel
14%
Pettau
14%
Suczawa
14%
Szilágy
14%
Tarnopil
14%
Torda-Aranyos
14%
Torontál
14%
Bars
13%
Háromszék
13%
Liezen
13%
Makarska
13%
Požega
13%
Reichshof
13%
Rudolfswerth
13%
Sankt Johann im Pongau
13%
Sáros
13%
Spittal an der Drau
13%
Tarnow
13%
Ugocsa
13%
Virovitica
13%
Zólyom
13%
Freistadt
12%
Gmunden
12%
Hermagor
12%
Imst
12%
Kis-Küküllő
12%
Lesina
12%
Nagy-Küküllő
12%
Neustadt an der Mettau
12%
Neustadtl in Mähren
12%
Schwaz
12%
Udvarhely
12%
Völkermarkt
12%
Znaim
12%
Adelsberg
11%
Deutschlandsberg
11%
Friedek
11%
Friedek-Land
11%
Horn
11%
Landeck
11%
Leibnitz
11%
Murau
11%
Neumarkt
11%
Neusandec
11%
Rovigno
11%
Sankt Veit an der Glan
11%
Tabor
11%
Tamsweg
11%
Túrócz
11%
Waidhofen an der Thaya
11%
Waidhofen an der Ybbs
11%
Hartberg
10%
Hollabrunn
10%
Klattau
10%
Mistelbach
10%
Parenzo
10%
Perg
10%
Reutte
10%
Ried im Innkreis
10%
Schärding
10%
Stein
10%
Tetschen
10%
Vöcklabruck
10%
Weiz
10%
Zwettl
10%
Bruneck
9%
Feldbach
9%
Gröbming
9%
Kirchdorf
9%
Korneuburg
9%
Kuttenberg
9%
Leitmeritz
9%
Neunkirchen
9%
Rohrbach
9%
Rovereto
9%
Scheibbs
9%
Schlan
9%
Tepl
9%
Teplitz-Schönau
9%
Travnik
9%
Voitsberg
9%
Biala
8%
Deutsch-Gabel
8%
Gottschee
8%
Gurkfeld
8%
Jungbunzlau
8%
Kolin
8%
Komotau
8%
Mährisch-Kromau
8%
Pisek
8%
Sanok
8%
Windischgraz
8%
Beneschau
7%
Bischoflack
7%
Böhmisch Leipa
7%
Curzola
7%
Falkenau
7%
Göding
7%
Gorlice
7%
Groß-Salze
7%
Jaroslau
7%
Jitschin
7%
Loitsch
7%
Luttenberg
7%
Mährisch-Schönberg
7%
Mitterburg
7%
Prerau
7%
Radkersburg
7%
Rakonitz
7%
Rann
7%
Saaz
7%
Schlanders
7%
Trebitsch
7%
Tschernembl
7%
Ungarisch-Hradisch
7%
Brody
6%
Capo d'Istria
6%
Chrudim
6%
Gablonz an der Neiße
6%
Groß-Enzersdorf
6%
Imotski
6%
Jasło
6%
Königinhof an der Elbe
6%
Königliche Weinberge
6%
Limanowa
6%
Littai
6%
Lussin
6%
Melnik
6%
Mielec
6%
Mistek
6%
Neutitschein
6%
Nikolsburg
6%
Prachatitz
6%
Pribram
6%
Radautz
6%
Radmannsdorf
6%
Riva
6%
Saybusch
6%
Sesana
6%
Sinj
6%
Sombor
6%
Stary Sambor
6%
Tarnobrzeg
6%
Taus
6%
Tolmein
6%
Trautenau
6%
Wischau
6%
Ampezzo
5%
Cles
5%
Freudenthal
5%
Friedland
5%
Gura Humora
5%
Kaplitz
5%
Kimpolung
5%
Kolomea
5%
Kremsier
5%
Laun
5%
Leitomischl
5%
Metković
5%
Pilgrams
5%
Podiebrad
5%
Proßnitz
5%
Rumburg
5%
Sereth
5%
Strakonitz
5%
Stryj
5%
Tachau
5%
Turnau
5%
Wittingau
5%
Benkovac
4%
Brzesko
4%
Cavalese
4%
Cervignano
4%
Chrzanów
4%
Dauba
4%
Dolina
4%
Gaya
4%
Graslitz
4%
Hohenelbe
4%
Hohenmauth
4%
Horowitz
4%
Jägerndorf
4%
Joachimsthal
4%
Kałusz
4%
Łańcut
4%
Landskron
4%
Lisko
4%
Mährisch-Weißkirchen
4%
Mezzolombardo
4%
Mies
4%
Mischlenitz
4%
Plan
4%
Primiero
4%
Reichenau an der Kněžna
4%
Schüttenhofen
4%
Semil
4%
Tione
4%
Wadowitz
4%
Wallachisch-Meseritsch
4%
Zbaraż
4%
Zborów
4%
Auspitz
3%
Blatna
3%
Boskowitz
3%
Brzeżany
3%
Brzozów
3%
Buczacz
3%
Czórtkow
3%
Datschitz
3%
Dombrowa
3%
Drohobycz
3%
Freiwaldau
3%
Gródek
3%
Groß-Meseritsch
3%
Grünberg
3%
Hohenstadt
3%
Kaaden
3%
Karolinenthal
3%
Kolbuszowa
3%
Kosów
3%
Kotzmann
3%
Kralowitz
3%
Ledetsch
3%
Littau
3%
Luditz
3%
Mährisch-Trübau
3%
Moldautein
3%
Mühlhausen
3%
Münchengratz
3%
Nadwórna
3%
Neubidschow
3%
Nisko
3%
Pilzno
3%
Podersam
3%
Politschka
3%
Raudnitz
3%
Rawa Ruska
3%
Rohatyn
3%
Seltschan
3%
Senftenberg
3%
Smichow
3%
Sokal
3%
Sternberg
3%
Storozynetz
3%
Tschaslau
3%
Turka
3%
Volosca
3%
Wagstadt
3%
Waschkautz
3%
Wischnitz
3%
Zastawna
3%
Żółkiew
3%
Bóbrka
2%
Bohorodczany
2%
Borszczów
2%
Chotieborsch
2%
Dobromil
2%
Holleschau
2%
Horodenka
2%
Jaworów
2%
Kamionka Strumiłowa
2%
Krasno
2%
Lubaczów
2%
Mościska
2%
Muszyna
2%
Podhajce
2%
Prestitz
2%
Przemyślany
2%
Römerstadt
2%
Ropczyce
2%
Rudki
2%
Schluckenau
2%
Skałat
2%
Śniatyn
2%
Starkenbach
2%
Strezow
2%
Tłumacz
2%
Trembowla
2%
Zaleszczyki
2%
Złoczów
2%
Żydaczów
2%
Kopyczyńce
1%
No matching quizzes found
Score Distribution
Percent of People with Each Score
Percentile by Number Answered
Your Score History
You have not taken this quiz